Religion Quiz

Random Religion or Judaism Quiz

Subcategory Multiple Choice: Religion Quiz Stats

 Plays Quiz Updated Mar 18, 2018

Score 0/10 Timer 04:00
0 Plays Today
Question Answer Wrong Answers
Verse
What is the missing word of this verse (Psalms 23:1): 'The LORD is my ________; I shall not want'?
Shepherd
85.1%
Saviour
7.3%
Guide
1.3%
Keeper
2.1%
Islam
What is the holiest city in Islam?
Mecca
85%
Medina
1.4%
Jerusalem
9%
Islamabad
0.6%
Testament
Which testament of the Bible is longer?
Old
77.1%
New
19%
Scripture
In which book of the Bible does the following piece of scripture appear?
'And I saw the beast, and the kings of the earth, and their armies, gathered together to make war against him that sat on the horse, and against his army.'
Revelation
76.2%
Proverbs
3.3%
Exodus
9.6%
1 Kings
7.1%
Catholicism
Who is generally considered to be the first Pope?
Peter
74.4%
Linus
3.7%
Pius I
15.7%
Valentine
3.9%
Judaism
Which Jewish holiday commemorates the exodus from Egypt?
Passover
72%
Pentecost
3.6%
Yom Kippur
14.6%
Hanukkah
6.8%
Mythology
Which of the following is a Roman god?
Vulcan
70.2%
Anubis
3.7%
Zeus
21.6%
Thor
4.5%
Church
In what part of a church do the main congregation sit?
Nave
57%
Chancel
15.8%
Apse
19.5%
Crypt
4.4%
Christianity
The 'Great Schism' in Christianity occurred because of what?
Theological disputes between the Greek East and Latin West
51.2%
Henry VIII of England's desire to annul his marriage
19.1%
The writings of Martin Luther
25.4%
A wall built through the middle of St. Peter's Basilica
2.8%
Bible
Which of the following is a book of the Bible?
3 John
50.7%
4 Samuel
5.8%
1 Mark
21.3%
2 Ephesians
21.6%

You're not logged in!

Compare scores with friends on all Sporcle quizzes.
OR
Log In

You Might Also Like...

Show Comments

Extras

Top Quizzes Today


Score Distribution

Your Account Isn't Verified!

In order to create a playlist on Sporcle, you need to verify the email address you used during registration. Go to your Sporcle Settings to finish the process.

Report this User

Report this user for behavior that violates our Community Guidelines.

Details: